000 00265nam a22001217a 4500
003 SGT
082 _a370
_bHAN
100 _aHANS, ASHA
245 _aDISABILITY GENDER AND THE TRAJECTORIES OF POWER
260 _aUSA
_bSAGE
_c2004
300 _a278
942 _2ddc
_cBK
999 _c17800
_d17800